000 01321nam a22002897a 4500
001 4439
003 FISKH
005 20250821134239.0
008 240910b cb ||||| |||| 00| 0 eng d
020 _a9780439395625
040 _aFISKH
_beng
_cFISKH
_dFISKH
050 _aPZ7.W539
082 _2662
100 _aWeyn, Suzanne
_d1995-
245 _aThe bar code tattoo /
_cSuzanne Weyn
250 _aFirst printing 2004
260 _aNew York :
_bScholastic,
_c2004.
300 _a252 pages :
_billustrations ;
_c18cm.
505 _aR
520 _aIndividuality vs. conformity. Identity vs. access. Freedom vs. control. The bar code tattoo. The bar code tattoo. Everybody's getting it. It will make your life easier, they say. It will hook you in. It will become your identity. But what if you say no? What if you don't want to become a code? For Kayla, this one choice changes everything. She becomes an outcast in her high school. Dangerous things happen to her family. There's no option but to run ... for her life. Individuality vs. conformity.. Identity vs. access. Freedom vs. control. The bar code tattoo.
521 8 _a720
_bLexile
521 8 _aR
_bRaz-Plus
650 _2Fiction
_aFuture
_vDystopian
650 _2Fantasy
_aAdventure
_vScience fiction
942 _2ddc
_cBK
_n0
999 _c4439
_d4439